000
00293nam a2200121 a 4500
008
101022s1973|||| d
100
1
_a
Lipatov, Vil
245
1
0
_a
...Ešte pred vojnou
260
_b
Slovenský spisovateľ
_a
Bratislava
_c
1973
041
_a
slo
020
_c
12
044
_a
xo
_c
SK
999
_c
12016
_d
12016